书目信息 |
| 题名: |
登上心健康快车
|
|
| 作者: | 洪昭光 主编 | |
| 分册: | ||
| 出版信息: | 青岛 青岛出版社 2009 |
|
| 页数: | 274页 | |
| 开本: | 21cm | |
| 丛书名: | 健康昭光系列丛书 | |
| 单 册: | ||
| 中图分类: | R54 | |
| 科图分类: | ||
| 主题词: | 心脏--保健--基本知识 , 心脏病--防治--基本知识 , 心脏 , 保健 , 心脏病 | |
| 电子资源: | ||
| ISBN: | 978-7-5436-4965-1 | |
| 000 | 00965oam2 2200301 45 | |
| 001 | 1033024421 | |
| 005 | 20100407170457.90 | |
| 010 | @a978-7-5436-4965-1@dCNY19.80 | |
| 100 | @a20100331d2009 em y0chiy50 ea | |
| 101 | 0 | @achi |
| 102 | @aCN@b370000 | |
| 105 | @aa z 000yy | |
| 106 | @ar | |
| 200 | 1 | @a登上心健康快车@ADeng Shang Xin Jian Kang Kuai Che@f洪昭光主编@FHong Zhao Guang Zhu Bian |
| 210 | @a青岛@c青岛出版社@d2009 | |
| 215 | @a274页@c彩照,图@d21cm | |
| 225 | 2 | @a健康昭光系列丛书 |
| 330 | @a本书共四章,内容包括观念篇——健康“心”观念;预防篇——生活多用一点心;四季养生篇——四季养心术;治疗篇——病人也要心中有数。 | |
| 461 | 0 | @12001 @a健康昭光系列丛书 |
| 606 | 0 | @a心脏@x保健@x基本知识 |
| 606 | 0 | @a心脏病@x防治@x基本知识 |
| 606 | 0 | @a心脏 |
| 606 | 0 | @a保健 |
| 606 | 0 | @a心脏病 |
| 690 | @aR54@v4 | |
| 701 | 0 | @a洪昭光@AHong Zhao Guang@f(1939~)@4主编 |
| 801 | 0 | @aCN@bTANGWEI@c20100407 |
| 905 | @b0587625-27@dR54@e120@f3 | |
| 登上心健康快车/洪昭光主编.-青岛:青岛出版社,2009 |
| 274页:彩照,图;21cm.-(健康昭光系列丛书) |
| ISBN 978-7-5436-4965-1:CNY19.80 |
| 本书共四章,内容包括观念篇——健康“心”观念;预防篇——生活多用一点心;四季养生篇——四季养心术;治疗篇——病人也要心中有数。 |
| ● |
| 相关链接 |
|
|
|
|
正题名:登上心健康快车
索取号:R54/120
 
预约/预借
| 序号 | 登录号 | 条形码 | 馆藏地/架位号 | 状态 | 备注 |
| 1 | 0587625 | 205876257 | 第二样本阅览室/ [索取号:R54/120] | 在馆 | |
| 2 | 0587626 | 205876266 | 第三借阅区/ [索取号:R54/120] | 在馆 | |
| 3 | 0587627 | 205876275 | 第三借阅区/ [索取号:R54/120] | 在馆 |